000 00893nam a2200265 a 4500
001 BRCA_4758
005 20190320204807.0
008 071010s1919----mx-a######---#000-0#spa-#
041 _aspa
044 _amx
050 4 _aND250
_b.V53 1919
100 1 _aVilla, Agustín F.
_912035
245 1 0 _aBreves apuntes sobre la antigua escuela de pintura en México y algo sobre la escultura
_cpor Agustín F. Villa ; con prólogo y notas de Alfonso Toro.
250 _a2
260 _aMéxico
_bDon Quijote
_c1919
300 _a91 p.
_bil. (algunas a color)
_c24 cm.
500 _aIncluye un catálogo de los pintores de la antigua escuela mexicana y un apéndice
500 _aEstado físico: Encuadernación deteriorada
500 _aD99
650 1 4 _aPintura
_zMéxico
_911995
650 1 4 _aEscultura
_xHistoria
_93347
700 1 _aToro, Alfonso
_912036
902 _aGFM
942 _2lcc
_cB
999 _c4456
_d4456